000 00419nam a2200181Ia 4500
008 240830s1998 xx 000 0 und d
041 _aeng
082 _a616.7 GRE
100 _aGREATHOUSE J.S.
245 _aDELMARS REDIOGRAPIC POSITIONING PROCEDURES VOL.2
250 _a1
260 _bDELMAR
_c1998
300 _a449p
440 _v2
650 _aPATHOLOGY
906 _aPATHOLOGY
999 _c1185304
_d1185304